| 000 | 00680nam a2200229 u 4500 | ||
|---|---|---|---|
| 005 | 20240228064243.0 | ||
| 008 | 160525s2008 r 000 0 eng d | ||
| 020 | _a9788479018597 | ||
| 035 | _aUPN01000210578 | ||
| 049 | _aI | ||
| 050 | 4 |
_aPZ7 _bD8.6 |
|
| 100 | 1 |
_aDunbar, Polly _933198 |
|
| 245 | 1 | 0 |
_aPingüino / _cPolly Dunbar ; tr. Belén Cabal. |
| 260 |
_aBarcelona, Esp. : _bSerres, _c2008. |
||
| 300 |
_a[33] p. : _bil. col. |
||
| 534 |
_pTítulo original: _tPenguin |
||
| 650 | 0 |
_aLiteratura infantil inglesa _911046 |
|
| 650 | 4 |
_aLibros y lectura para niños _92290 |
|
| 650 | 7 |
_aLibros ilustrados para niños _2 _921365 |
|
| 905 | _aInfantil | ||
| 999 |
_c182679 _d182679 |
||